000
00270nam a2200097Ia 4500
008
240331s9999 xx 000 0 und d
082
_b
BAX
100
_a
Baxamusa, R.M
245
0
_a
Assistance for women's development from national agencies :
_b
Housing Programmes
942
_c
L
999
_c
2903
_d
2903